| 000 | 00472nam a2200157Ia 4500 | ||
|---|---|---|---|
| 008 | 090124s9999 xx 000 0 und d | ||
| 082 | _b31980 | ||
| 245 | _aCASSELL'S FRENCH-ENGLISH & ENGLISH-FRENCH DICTIONARY | ||
| 250 | _a0 | ||
| 260 |
_bCASSELL & CO. LTD. _c1920 |
||
| 300 | _a557 | ||
| 630 | _aCASSELL'S FRENCH-ENGLISH & ENGLISH-FRENCH DICTIONARY | ||
| 700 | _aBAKER ERNEST A. | ||
| 730 | _aCASSELL'S FRENCH-ENGLISH & ENGLISH-FRENCH DICTIONARY | ||
| 942 | _cBOOK | ||
| 999 |
_c97824 _d97824 |
||